Quantitative Analysis and Modeling of Earth and Environmental Data. Space- Time and Spacetime Data Considerations.
Αποθηκεύτηκε σε:
| Κύριοι συγγραφείς: | , , |
|---|---|
| Μορφή: | Άγνωστο |
| Έκδοση: |
Amsterdam, Netherlands:
Elsevier,
2022.
|
| Θέματα: | |
| Ετικέτες: |
Προσθήκη ετικέτας
Δεν υπάρχουν, Καταχωρήστε ετικέτα πρώτοι!
|
MARC
| LEADER | 00000 a2200000 4500 | ||
|---|---|---|---|
| 003 | CL-VaPUC | ||
| 005 | 20220909102905.0 | ||
| 008 | 220830t2022 ||||| |||| 00| 0 eng d | ||
| 999 | |c 438543 |d 438541 | ||
| 020 | |a 978-0128163412 | ||
| 040 | |c Pontificia Universidad Católica de Valparaíso | ||
| 082 | 7 | |a 363.7063 WU 2022 |2 22 | |
| 100 | |a Wu, Jiaping |9 876011 |e author | ||
| 245 | |a Quantitative Analysis and Modeling of Earth and Environmental Data. |b Space- Time and Spacetime Data Considerations. | ||
| 260 | |a Amsterdam, Netherlands: |b Elsevier, |c 2022. | ||
| 300 | |a 492 páginas. | ||
| 583 | |k Cristina María Rojas Aguilar |c 20220830 | ||
| 650 | |a Análisis espacial (Estadística) |9 876109 | ||
| 650 | |a Monitoreo ambiental |9 876110 | ||
| 650 | |a Ciencias ambientales |x Procesamiento de datos |9 876111 | ||
| 700 | |a He, Junyu |e author |9 876112 | ||
| 700 | |a Christakos, George |e author |9 876113 | ||
| 942 | |2 ddc |c BK | ||
| 952 | |0 0 |1 0 |2 ddc |4 0 |6 363_706300000000000_WU_2022 |7 0 |8 A |9 586453 |a BIBING |b BIBING |c GEN |d 2022-08-26 |e 1 |g 113375.00 |i 5654275 |l 0 |o 363.7063 WU 2022 |p 5654275 |r 2025-01-20 |t 1 |v 113375.00 |w 2022-08-26 |y BK |k EII | ||